Buteurs Record - Ligue des Champions - Statistiques

Statistiques générales
  • Ce quiz a été pris 917 fois
    40 depuis la dernière actualisation
  • Le résultat moyen est 19 sur 25
Statistiques - réponses
Matchs Nationalité Joueur % Correct
140 Portugal Cristiano Ronaldo
100%
68 France Kylian Mbappé
100%
129 Argentine Lionel Messi
100%
109 Pologne Robert Lewandowski
100%
57 Norvège Erling Haaland
97%
50 Égypte Mohamed Salah
97%
90 France Karim Benzema
91%
43 Brésil Neymar
91%
48 Suède Zlatan Ibrahimovic
91%
44 Côte d'Ivoire Didier Drogba
88%
50 Angleterre Harry Kane
88%
50 France Thierry Henry
88%
57 Allemagne Thomas Müller
82%
35 Uruguay Edinson Cavani
79%
48 Ukraine Andriy Shevchenko
76%
36 Hongrie Ferenc Puskás
76%
71 Espagne Raúl
71%
44 France Antoine Griezmann
65%
46 Italie Filipo Inzaghi
62%
46 Portugal Eusébio
59%
56 Pays-Bas Ruud van Nistelrooy
56%
41 Argentine Sergio Agüero
53%
34 Brésil Vinicius Junior
44%
49 Espagne Alfredo Di Stéfano
41%
42 Italie Alessandro Del Piero
35%
Aucun quiz correspondant
Distribution des résultats
% des personnes avec chaque résultat
Percentile par nombre de réponses
Votre historique - résultats
Vous n’avez pas pris ce quiz depuis la dernière actualisation